| 000 -LEADER |
| fixed length control field |
01010nam a22003257a 4500 |
| 001 - CONTROL NUMBER |
| control field |
4241084 |
| 003 - CONTROL NUMBER IDENTIFIER |
| control field |
OSt |
| 005 - DATE AND TIME OF LATEST TRANSACTION |
| control field |
20210426100820.0 |
| 008 - FIXED-LENGTH DATA ELEMENTS--GENERAL INFORMATION |
| fixed length control field |
830420t19831982nyuc 000 0aeng |
| 010 ## - LIBRARY OF CONGRESS CONTROL NUMBER |
| LC control number |
83008213 |
| 020 ## - INTERNATIONAL STANDARD BOOK NUMBER |
| International Standard Book Number |
0452255503 (pbk.) |
| 020 ## - INTERNATIONAL STANDARD BOOK NUMBER |
| International Standard Book Number |
0452254345 |
| 040 ## - CATALOGING SOURCE |
| Original cataloging agency |
DLC |
| Transcribing agency |
DLC |
| Modifying agency |
DLC |
| Language of cataloging |
eng |
| 041 ## - LANGUAGE CODE |
| Language code of text/sound track or separate title |
eng |
| 050 10 - LIBRARY OF CONGRESS CALL NUMBER |
| Classification number |
PS3552.A4343 |
| Item number |
Z466 1983b |
| 080 ## - UNIVERSAL DECIMAL CLASSIFICATION NUMBER |
| Universal Decimal Classification number |
92 |
| Item number |
B-17 |
| 082 00 - DEWEY DECIMAL CLASSIFICATION NUMBER |
| Classification number |
070/.92/4 |
| -- |
B |
| Edition number |
19 |
| 100 1# - MAIN ENTRY--PERSONAL NAME |
| Personal name |
Baker, Russell, |
| Dates associated with a name |
1925-2019. |
| 245 10 - TITLE STATEMENT |
| Title |
Growing up / |
| Statement of responsibility, etc. |
Russell Baker. |
| Remainder of title |
/ by: New American Library |
| 260 ## - PUBLICATION, DISTRIBUTION, ETC. |
| Place of publication, distribution, etc. |
New York |
| Name of publisher, distributor, etc. |
New American Library |
| Date of publication, distribution, etc. |
[1983] c1982. |
| 300 ## - PHYSICAL DESCRIPTION |
| Extent |
278 p. ill. |
| Other physical details |
ports. ; |
| Dimensions |
23 cm. |
| 500 ## - GENERAL NOTE |
| General note |
"A Plume book." |
| 600 10 - SUBJECT ADDED ENTRY--PERSONAL NAME |
| Personal name |
Baker, Russell, |
| Dates associated with a name |
1925-2019 |
| General subdivision |
Childhood and youth. |
| 650 #0 - SUBJECT ADDED ENTRY--TOPICAL TERM |
| Topical term or geographic name entry element |
Authors, American |
| Chronological subdivision |
20th century |
| Form subdivision |
Biography. |
| 650 #0 - SUBJECT ADDED ENTRY--TOPICAL TERM |
| Topical term or geographic name entry element |
Biography |
| 9 (RLIN) |
237 |
| 650 #0 - SUBJECT ADDED ENTRY--TOPICAL TERM |
| Topical term or geographic name entry element |
Journalists |
| Geographic subdivision |
United States |
| Form subdivision |
Biography. |
| 653 ## - INDEX TERM--UNCONTROLLED |
| Uncontrolled term |
ბიოგრაფია |
| 906 ## - LOCAL DATA ELEMENT F, LDF (RLIN) |
| a |
7 |
| b |
cbc |
| c |
orignew |
| d |
1 |
| e |
ocip |
| f |
19 |
| g |
y-gencatlg |
| 942 ## - ADDED ENTRY ELEMENTS (KOHA) |
| Source of classification or shelving scheme |
|
| Koha item type |
Books |